Icaria, Icaria ... / Xavier Benguerel ; traducción de Francesc Llobet ; edición y prólogo de Joaquim Marco
Descripción Física:
391 p. ; 22 cm
Colección:
Marca Hispánica
MARC
| LEADER | 00000nam a2200000Ia 4500 | ||
|---|---|---|---|
| 001 | 2343 | ||
| 008 | 160829s1986 xx 000 0 cat d | ||
| 080 | |a L-1-87 | ||
| 100 | |a Benguerel, Xavier |9 28806 | ||
| 245 | |a Icaria, Icaria ... / Xavier Benguerel ; traducción de Francesc Llobet ; edición y prólogo de Joaquim Marco | ||
| 260 | |a Barcelona : |b Edicions del Mall, |c 1986 | ||
| 300 | |a 391 p. ; |c 22 cm | ||
| 490 | |a Marca Hispánica | ||
| 590 | |a Edició bilingüe català-castellà. Títol original: 'Icària, Icària...' | ||
| 700 | 1 | |a Llobet, Francesc |9 28807 | |
| 700 | |a Marco, Joaquín, ed. i pr. |9 28808 | ||
| 901 | |a Arxiu | ||
| 942 | |n 1 | ||
| 952 | |0 0 |1 0 |4 0 |6 L187 |7 1 |9 44944 |a Arxiu |b Arxiu |d 2016-12-01 |l 0 |o L-1-87 |p 2343 |r 2016-12-01 00:00:00 |w 2016-12-01 |y ARXIU | ||
| 999 | |c 47543 |d 47543 | ||